| 000 | 00955nam a2200277 a 4500 | ||
|---|---|---|---|
| 001 | 000020862 | ||
| 003 | DO-SdBNP | ||
| 005 | 20251118093653.0 | ||
| 007 | ta | ||
| 008 | 100819s2001 dr ac 001 0bspa d | ||
| 020 | _a9993420166 | ||
| 040 |
_aDO-SdBNP _bspa _cBNPHU |
||
| 082 | 4 |
_222 _a972.93053 _bC436m |
|
| 100 | 1 |
_aChaljub Mejía, Rafael _d1942- _918985 |
|
| 245 | 1 | 0 |
_aMerardo Germán : _bun guerrillero de Constanza, relato / _cRafael Chaljub Mejía. |
| 260 |
_aSanto Domingo : _bManatí, _c2001. |
||
| 300 |
_a118 p. : _bil., retrs. ; _c21 cm. |
||
| 500 | _aIncluye índice onomástico. | ||
| 590 | _aInventariado, 2020/BT | ||
| 600 | 1 | 0 |
_aGermán, Merado, _d1910- _943730 |
| 650 | 0 |
_aPersecuciones políticas _943731 |
|
| 650 | 4 |
_aGuerrillas _zRepública Dominicana _xHistoria _97270 |
|
| 651 | 4 |
_aRepública Dominicana _xHistoria _yInvasión, 1959 _xRelatos Personales _943732 |
|
| 910 | _aValidado. Control de calidad EMS | ||
| 942 |
_2ddc _cLBS1 |
||
| 999 |
_c20365 _d20365 |
||